000 00624nam a2200229Ia 4500
003 OSt
005 20221007075729.0
006 a|||||r|||| 00| 0
007 ta
008 221006b |||||||| |||| 00| 0 eng d
024 _a15,311
037 _cTextual
040 _aFLL
_cFLL
_beng
041 _2eng
_aeng
082 _aX:991.231.N7, L6
100 _aJoshi Vijay Au.
_9694173
245 0 _aSurplus labour and the city
260 _aNew Delhi
_bOxford University press India
_c1976
300 _a189p
_ccm.
942 _hX:991.231.N7, L6
_cTEXL
_2CC
999 _c1157153
_d1157153